00701nam a2200241 a 4500001001300000003000900013005001700022008004100039020000900080082001900089100002400108245006200132260003600194300000800230500003500238505001000273650002300283700002400306902000800330942000700338952009900345999001500444nice12345678IN_TiNIC20260116012652.0050524s1982 dela grp 000 0 eng  ac4000a306.0954bCHA1 aChapekar, Nalinee M aAncient India and Iranb Study of Their Cultural Contacts aDelhibAjanta Publicationc1982 a78p aincludes index and biblioraphy2 aIndex aCulture-India-Iran1 aChapekar, Nalinee M bSRS cBK 00104070aHMIbHMId2007-04-04g40.00l0o306.0954 CHA1p010489r2007-04-04w2026-01-16yEB c7873d7873